Under the greenwood tree, or the Mellstock Quire: a rural painting of the deutch school
Պահպանված է:
| Հիմնական հեղինակ: | |
|---|---|
| Ձևաչափ: | Գիրք |
| Լեզու: | անգլերեն |
| Հրապարակվել է: |
Londres
Pan Books
1978
|
| Խորագրեր: | |
| Ցուցիչներ: |
Ավելացրեք ցուցիչ
Չկան պիտակներ, Եղեք առաջինը, ով նշում է այս գրառումը!
|
MARC
| LEADER | 00000nam a2200000 a 4500 | ||
|---|---|---|---|
| 001 | UCQ4338 | ||
| 003 | CL-VaPUC | ||
| 008 | 980904e19780000UK |||||||||||||||||eng|d | ||
| 082 | 0 | 4 | |a 823 |b HAR |2 21 |
| 100 | |a Hardy, Thomas |e author |9 418583 | ||
| 245 | 1 | 0 | |a Under the greenwood tree, or the Mellstock Quire: a rural painting of the deutch school |
| 300 | |a 192 p | ||
| 942 | |c BK | ||
| 945 | |d 19980904 00:00:00 |a crobeson | ||
| 260 | |a Londres |b Pan Books |c 1978 | ||
| 650 | 0 | |a Novelas inglesas |9 265220 | |
| 650 | 0 | |a Literatura inglesa |9 312907 | |
| 583 | |a last modification |c 19980904 00:00:00 |k Rodrigo Vera | ||
| 999 | |c 274722 |d 274720 | ||
| 952 | |0 0 |1 0 |4 0 |6 823_000000000000000_HAR_1978 |7 0 |8 A |9 311015 |a BIBEDU |b BIBEDU |d 2019-11-20 |i 1463063 |o 823 HAR 1978 |p 1463063 |r 2019-11-20 |w 2019-11-20 |y BK |k LIT | ||